000 00619nam a2200169 a 4500
001 000039685
005 20201002033659.0
008 130716s2013 dr 000 0 spa d
020 _a9789945491074
040 _aDO-SdBNP
_bspa
_cBNPHU
100 1 _aMarín, Fernando
_965882
245 1 0 _aPara vivir en la verdad :
_bdoctrina sólida y contundente para defenderse de las sectas /
_cFernando Marín.
260 _aSantiago de los Caballeros :
_bPalabra Multimedia,
_c2013.
300 _av. ;
_c23 cm.
500 _aIncluye datos biográficos del autor en la solapa de la cubierta
500 _aLa biblioteca posee el tomo I
999 _c39175
_d39175